| 000 | 00698 a2200229 4500 | ||
|---|---|---|---|
| 005 | 20260415090459.0 | ||
| 008 | 260415b |||||||| |||| 00| 0 eng d | ||
| 020 | _a9781529732085 | ||
| 040 |
_aLC _cUNZA _eRDA |
||
| 050 |
_aHM1033. _bDIC 2024. |
||
| 100 |
_aDickerson, Paul _eauthor |
||
| 245 |
_aSocial Psychology : _btraditional & critical perspectives / _cPaul Dickerson. |
||
| 260 |
_bSAGE Publications : _c2024. _a London. |
||
| 300 |
_axxxii, 843 pages : _billustrations. |
||
| 336 | _aText | ||
| 337 | _aUnmediated | ||
| 338 | _aVolume | ||
| 504 | _aincludes bibliographical references and index. | ||
| 650 | _aSocial psychology. | ||
| 650 | _aCritical psychology. | ||
| 942 | _cBOOK | ||
| 999 |
_c216576 _d216576 |
||